<?xml version="1.0" encoding="UTF-8"?>
<record
    xmlns:xsi="http://www.w3.org/2001/XMLSchema-instance"
    xsi:schemaLocation="http://www.loc.gov/MARC21/slim http://www.loc.gov/standards/marcxml/schema/MARC21slim.xsd"
    xmlns="http://www.loc.gov/MARC21/slim">

  <leader>01365nam a2200265Ia 4500</leader>
  <controlfield tag="003">OSt</controlfield>
  <controlfield tag="005">20210131172909.0</controlfield>
  <controlfield tag="008">191128s2006    ck     gr     001 0 spa d</controlfield>
  <datafield tag="020" ind1=" " ind2=" ">
    <subfield code="a">9586535215</subfield>
  </datafield>
  <datafield tag="040" ind1=" " ind2=" ">
    <subfield code="a">CO-JMCR</subfield>
    <subfield code="c">CO-JMCR</subfield>
  </datafield>
  <datafield tag="041" ind1="0" ind2=" ">
    <subfield code="a">spa</subfield>
  </datafield>
  <datafield tag="082" ind1="0" ind2="4">
    <subfield code="a">323.445 /</subfield>
    <subfield code="b">U689l</subfield>
    <subfield code="2">23</subfield>
  </datafield>
  <datafield tag="100" ind1="1" ind2=" ">
    <subfield code="a">Uprimny Yepes, Rodrigo, </subfield>
    <subfield code="e">autor</subfield>
    <subfield code="9">3207</subfield>
  </datafield>
  <datafield tag="245" ind1="1" ind2="0">
    <subfield code="a">Libertad de prensa y derechos fundamentales : </subfield>
    <subfield code="b">an&#xE1;lisis de la jurisprudencia constitucional en Colombia (1992-2005) / </subfield>
    <subfield code="c">Rodrigo Uprimny, Adriana fuentes, Catalina Botero (y 1 m&#xE1;s)</subfield>
  </datafield>
  <datafield tag="250" ind1=" " ind2=" ">
    <subfield code="a">Primera edici&#xF3;n</subfield>
  </datafield>
  <datafield tag="260" ind1=" " ind2=" ">
    <subfield code="a">Bogot&#xE1; : </subfield>
    <subfield code="b">Fundaci&#xF3;n Konrad Adenauer, </subfield>
    <subfield code="c">2006</subfield>
  </datafield>
  <datafield tag="300" ind1=" " ind2=" ">
    <subfield code="a">461 p&#xE1;ginas ; </subfield>
    <subfield code="c">24 cm + </subfield>
    <subfield code="e">1 CD</subfield>
  </datafield>
  <datafield tag="500" ind1=" " ind2=" ">
    <subfield code="a">Incluye &#xED;ndice cronol&#xF3;gico de fichas al final del texto.</subfield>
  </datafield>
  <datafield tag="505" ind1="0" ind2=" ">
    <subfield code="a">La libertad de informaci&#xF3;n en la jurisprudencia Colombiana: una perspectiva anal&#xED;tica y comparada -- Subreglas jurisprudenciales y doctrina constitucional sobre libertad de informaci&#xF3;n en Colombia.</subfield>
  </datafield>
  <datafield tag="520" ind1=" " ind2=" ">
    <subfield code="a">&#xBF;Cu&#xE1;l es el alcance concreto de la libertad de prensa? &#xBF;Qu&#xE9; sucede si la libertad de informaci&#xF3;n entra en colisi&#xF3;n con otro derecho fundamental de un ciudadano, como la intimidad y el buen nombre?</subfield>
  </datafield>
  <datafield tag="650" ind1="1" ind2="4">
    <subfield code="a">Libertad de prensa</subfield>
    <subfield code="x">jurisprudencia</subfield>
    <subfield code="z">Colombia</subfield>
    <subfield code="9">3208</subfield>
  </datafield>
  <datafield tag="700" ind1="1" ind2=" ">
    <subfield code="a">Fuentes, Adriana, </subfield>
    <subfield code="e">autora</subfield>
    <subfield code="9">3209</subfield>
  </datafield>
  <datafield tag="700" ind1="1" ind2=" ">
    <subfield code="a">Botero, Catalina, </subfield>
    <subfield code="e">autora</subfield>
    <subfield code="9">3210</subfield>
  </datafield>
  <datafield tag="942" ind1=" " ind2=" ">
    <subfield code="2">ddc</subfield>
    <subfield code="c">BK</subfield>
  </datafield>
  <datafield tag="999" ind1=" " ind2=" ">
    <subfield code="c">5219</subfield>
    <subfield code="d">5219</subfield>
  </datafield>
  <datafield tag="952" ind1=" " ind2=" ">
    <subfield code="0">0</subfield>
    <subfield code="1">0</subfield>
    <subfield code="2">ddc</subfield>
    <subfield code="4">0</subfield>
    <subfield code="7">0</subfield>
    <subfield code="8">NFIC</subfield>
    <subfield code="a">CPL</subfield>
    <subfield code="b">CPL</subfield>
    <subfield code="d">2018-04-15</subfield>
    <subfield code="e">Donaci&#xF3;n</subfield>
    <subfield code="g">0.00</subfield>
    <subfield code="l">1</subfield>
    <subfield code="o">323.445 / U689l</subfield>
    <subfield code="p">430001550</subfield>
    <subfield code="r">2025-11-11 08:08:43</subfield>
    <subfield code="s">2025-11-11</subfield>
    <subfield code="t">Ej.1</subfield>
    <subfield code="y">BK</subfield>
  </datafield>
  <datafield tag="952" ind1=" " ind2=" ">
    <subfield code="0">0</subfield>
    <subfield code="1">0</subfield>
    <subfield code="2">ddc</subfield>
    <subfield code="4">0</subfield>
    <subfield code="7">0</subfield>
    <subfield code="a">CPL</subfield>
    <subfield code="b">CPL</subfield>
    <subfield code="d">2021-01-31</subfield>
    <subfield code="l">1</subfield>
    <subfield code="o">323.445 / U689l</subfield>
    <subfield code="p">201810160</subfield>
    <subfield code="r">2026-03-10 11:35:57</subfield>
    <subfield code="s">2026-03-10</subfield>
    <subfield code="t">Ej.2</subfield>
    <subfield code="w">2021-01-31</subfield>
    <subfield code="y">BK</subfield>
  </datafield>
</record>
